| 000 | 00458nam a22001817a 4500 | ||
|---|---|---|---|
| 005 | 20230523162753.0 | ||
| 008 | 230523b |||||||| |||| 00| 0 eng d | ||
| 020 | _a9788122426083 | ||
| 082 |
_a621.03 _bRAM-H |
||
| 100 | _aRamalingam;K.K | ||
| 245 | _aHandbook of Mechanical Engineering Terms | ||
| 250 | _a2nd ed. | ||
| 260 |
_aIndia _bNew Age International _c2009 |
||
| 300 | _a355 | ||
| 650 | _aEngineering | ||
| 700 | _aK.K.Ramalingam | ||
| 999 |
_c18415 _d18415 |
||